| 000 | 01447nam a2200421Ii 4500 | ||
|---|---|---|---|
| 001 | DIGCAR0829 | ||
| 003 | NyNyDIG | ||
| 006 | m o d | ||
| 007 | cr ||||||||||| | ||
| 008 | 140201s2012 sp ob 000 0 spa d | ||
| 020 |
_a9788415471882 _q(eBook) |
||
| 020 | _z8415471874 | ||
| 020 | _z9788415471875 | ||
| 035 | _a(OCoLC)888237660 | ||
| 040 |
_aDGITA _beng _epn _cDGITA |
||
| 043 | _ae-gx--- | ||
| 050 | 1 | 4 | _aD804.3 eBook |
| 100 | 1 | _aMestre Chust, José Vicente. | |
| 245 | 1 | 0 |
_aNazismo y holocausto : _breflexión y memoria / _cJosé Vicente Mestre Chust. |
| 264 | 1 |
_aBarcelona : _bEdiciones Carena, _c2012. |
|
| 300 | _a1 online resource (223 pages) | ||
| 336 |
_atext _btxt _2rdacontent |
||
| 337 |
_acomputer _bc _2rdamedia |
||
| 338 |
_aonline resource _bcr _2rdacarrier |
||
| 490 | 1 |
_aEnsayo / Ediciones Carena ; _v29. |
|
| 504 | _aIncludes bibliographical references (p. [221]-223). | ||
| 650 | 0 |
_aWorld War, 1939-1945 _xJew. |
|
| 650 | 0 | _aNational socialism. | |
| 650 | 0 |
_aWorld War, 1939-1945 _xConcentration camps _zGermany. |
|
| 650 | 0 | _aHolocaust, Jewish (1939-1945) | |
| 655 | 0 | _aElectronic books. | |
| 791 | 2 |
_aDigitalia (Firm), _edistributor. |
|
| 830 | 0 |
_aEnsayo (Editorial Carena) ; _v29. |
|
| 793 | 0 |
_gDigitalia eBook Collection: _aEdiciones Carena. |
|
| 856 | 4 | 0 |
_3Digitalia Hispánica _uhttps://www.digitaliapublishing.com/a/23484/ |
| 910 | _aPremium Collection: 2007-2012 | ||
| 942 | _cRAA | ||
| 999 |
_c237709 _d237709 |
||